| 000 | 00864nam a2200229 a 4500 | ||
|---|---|---|---|
| 005 | 20151130060142.0 | ||
| 008 | 140312b1997 sz ||||| |||| 00| 0 eng d | ||
| 040 |
_aCO-BoIAVH _cCO-BoIAVH |
||
| 041 | 0 | _aeng | |
| 044 | _asz | ||
| 082 | 0 | 4 |
_a333.91815 _bW53w |
| 245 | 1 | 0 |
_aWetlands, biodiversity and the Ramsar Convention _bThe role of the Convention on Wetlands in the conservation and wise use of biodiversity / _cEditado por A. J. Hails |
| 260 |
_aGland (Suiza) : _bRamsar Convention Bureau, _c1997. |
||
| 300 |
_a162 páginas : _bilustraciones ; _c28 x 22 cm. |
||
| 650 | 6 |
_aHumedales _vCongresos _xConservación |
|
| 650 | 6 |
_aHumedales _vCongresos |
|
| 650 | 6 |
_aBiodiversidad _vCongresos _xConservación |
|
| 650 | 6 |
_aBiodiversidad _vCongresos |
|
| 700 | 1 |
_aHails, A. J. _eEditor |
|
| 942 |
_cLIBRO _2ddc |
||
| 945 | _d2004-07-01 | ||
| 999 |
_c3962 _d3962 |
||